[Event "2º TORNEIO VISA"]
[Site "http://www.queenalice.com/game.php?id=518480"]
[Date "2009.1.7"]
[Round "-"]
[White "FC"]
[Black "danramone"]
[Result "1-0"]
[WhiteElo "1558"]
[BlackElo "1444"]

1. e4 Nf6 2. d3 e5 3. Nf3 Nc6 4. Be2 Bc5 5. Bg5 O-O 6. O-O h6 7. Bxf6 Qxf6 8.
Nc3 d6 9. a4 Ne7 10. Nd5 Nxd5 11. exd5 Qg6 12. Nh4 Qf6 13. Nf3 Qg6 14. Nh4 Qg5
15. Nf3 Qg6 16. Nh4 Qg5 17. Nf3 Qf5 18. Qd2 Qg6 19. Rab1 Bh3 20. g3 a5 21. Nh4
Qf5 22. Nxf5 Rae8 23. Qxa5 Bxf5 24. Qxc7 Rc8 25. Qxb7 e4 26. b4 Rb8 27. Qe7 Bd4
28. dxe4 Bf6 29. Qa7 Bxe4 30. Rbd1 Bxc2 31. Rc1 Ra8 32. Qe3 Bxa4 33. b5 Rfe8 34.
Qd3 Rab8 35. Rb1 Re5 36. b6 Bd8 37. b7 Bd7 38. Qa6 Rxd5 39. Qa7 Ba5 40. Qxb8+
Kh7 41. Rbd1 Rd2 42. Rxd2 Bxd2 43. Bd3+ g6 44. Qf8 Bh3 45. b8=Q Bf5 46. Qh8# 1-0

[Event "2º VISA"]
[Site "http://www.queenalice.com/game.php?id=518482"]
[Date "2009.1.7"]
[Round "-"]
[White "lala"]
[Black "danramone"]
[Result "1-0"]
[WhiteElo "1378"]
[BlackElo "1441"]

1. e4 Nf6 2. e5 Nd5 3. c4 Nb4 4. a3 N4c6 5. b4 Nxe5 6. d4 Ng6 7. c5 e5 8. Ne2 d6
9. g3 Bg4 10. Bg2 Be7 11. h3 Bf5 12. Bxb7 Be4 13. Bxe4 c6 14. d5 a5 15. dxc6 Ra7
16. Bd2 O-O 17. Nbc3 dxc5 18. Nb5 Ra6 19. c7 Qc8 20. f4 Nc6 21. f5 Nh8 22. Nec3
axb4 23. Nd5 Bd6 24. Nxd6 Qa8 25. Qg4 f6 26. Nxf6+ Rxf6 27. c8=Q+ Qxc8 28. Nxc8
Nd4 29. Qh5 Ra7 30. Nxa7 Nf7 31. axb4 cxb4 32. Bxb4 Nc2+ 33. Bxc2 Nh6 34. Qe8+
Rf8 35. Qxf8# 1-0

[Event "2º VISA"]
[Site "http://www.queenalice.com/game.php?id=518484"]
[Date "2009.1.7"]
[Round "-"]
[White "reivipviana"]
[Black "danramone"]
[Result "0-1"]
[WhiteElo "1277"]
[BlackElo "1408"]

1. e4 Nf6 2. e5 Nd5 3. Bc4 Nf4 4. Qf3 d5 5. Bb5+ c6 6. Ba4 Ng6 7. Bb3 Nxe5 8.
Qd1 e6 9. d4 Nc4 10. Bxc4 dxc4 11. c3 Bd6 12. Nf3 O-O 13. Ng5 Nd7 14. Qh5 Nf6
15. Qh4 e5 16. O-O exd4 17. cxd4 c5 18. Re1 Qa5 19. Nc3 cxd4 20. Bd2 dxc3 21.
Bxc3 Qf5 22. g4 Nxg4 23. f3 Nxh2 24. Qd4 Qxg5+ 25. Kf2 Qg3+ 26. Ke2 Bh3 27. Rg1
Rae8+ 28. Kd1 Qxf3+ 29. Kd2 Bf4+ 30. Kc2 Bf5+ 31. Qd3 Qxd3# 0-1

[Event "2º torneio visa"]
[Site "http://www.queenalice.com/game.php?id=519530"]
[Date "2009.1.9"]
[Round "-"]
[White "danramone"]
[Black "calantone"]
[Result "1-0"]
[WhiteElo "1361"]
[BlackElo "1027"]

1. Nf3 Nf6 2. Nc3 d5 3. e4 dxe4 4. Ne5 Nd5 5. Nxe4 Bf5 6. Nc5 Nb4 7. Bc4 Nxc2+
8. Kf1 Nxa1 9. b3 Nc6 10. Bb2 Nc2 11. Bxf7# 1-0

[Event "2º torneio Visa"]
[Site "http://www.queenalice.com/game.php?id=519608"]
[Date "2009.1.9"]
[Round "-"]
[White "danramone"]
[Black "heberesteves"]
[Result "0-1"]
[WhiteElo "1433"]
[BlackElo "1421"]

1. Nf3 d6 2. e4 e5 3. Bc4 c6 4. Nc3 b5 5. Bb3 Qa5 6. O-O c5 7. Bd5 b4 8. Bxa8
bxc3 9. bxc3 Nf6 10. Rb1 Qc7 11. Bd5 Ba6 12. d3 Be7 13. c4 O-O 14. Ba8 Nbd7 15.
Bd5 Nh5 16. Bg5 Qd8 17. Qd2 Nb6 18. Qa5 Bxg5 19. Qxa6 Nd7 20. Qxa7 Nf4 21. Bc6
Qf6 22. Bxd7 Ne2+ 23. Kh1 Bf4 24. Rb8 Qh6 25. Qa8 g5 26. Bg4 d5 27. g3 Nxg3+ 28.
fxg3 Bxg3 29. Nxe5 Qxh2# 0-1

[Event "2° Visa"]
[Site "http://www.queenalice.com/game.php?id=519925"]
[Date "2009.1.9"]
[Round "-"]
[White "calantone"]
[Black "danramone"]
[Result "0-1"]
[WhiteElo "1027"]
[BlackElo "1352"]

1. d4 Nf6 2. e3 a6 3. Nf3 Nc6 4. Bc4 d5 5. Bd3 e6 6. O-O Nb4 7. Be2 Bd6 8. Nfd2
e5 9. dxe5 Bxe5 10. Bf3 Bf5 11. Na3 O-O 12. g4 Nxg4 13. e4 Qh4 14. Re1 Qxh2+ 15.
Kf1 Qxf2# 0-1

[Event "2° VISA"]
[Site "http://www.queenalice.com/game.php?id=519928"]
[Date "2009.1.10"]
[Round "-"]
[White "heberesteves"]
[Black "danramone"]
[Result "0-1"]
[WhiteElo "1387"]
[BlackElo "1401"]

1. e4 Nf6 2. e5 Ne4 3. Bd3 d5 4. Qe2 Bf5 5. Qf3 e6 6. Ne2 Bc5 7. c3 Bxf2+ 8. Kf1
O-O 9. Bc2 Nd7 10. Qf4 c6 11. d3 g5 12. Qf3 Nxe5 13. Qh5 Ng4 14. dxe4 dxe4 15.
Nd2 e3 16. Nf3 Bxc2 17. Nxg5 Qd1# 0-1

[Event "2° VISA"]
[Site "http://www.queenalice.com/game.php?id=520619"]
[Date "2009.1.11"]
[Round "-"]
[White "ricardobkf14"]
[Black "danramone"]
[Result "0-1"]
[WhiteElo "1422"]
[BlackElo "1413"]

1. e4 Nf6 2. e5 Ne4 3. Qf3 d5 4. exd6 Nxd6 5. Nc3 Bf5 6. d3 Nc6 7. Bf4 e5 8. Be3
Nb4 9. Rc1 Be7 10. Bc5 Nc6 11. Bxd6 Nd4 12. Qxb7 Bxd6 13. Nd5 Rb8 14. Qxa7 Rc8
15. c3 Nc6 16. Qb7 Bd7 17. d4 exd4 18. Bb5 O-O 19. Nf3 Re8+ 20. Be2 d3 21. Nd4
Nxd4 22. cxd4 c6 23. Nc3 Bf4 24. Rd1 d2+ 25. Rxd2 Qe7 26. Rc2 Rc7 27. Qa6 Bf5
28. Qa4 Ra7 29. Qb3 Raa8 30. d5 Reb8 31. Qc4 Rb4 32. Qxc6 Rd8 33. Nb5 Bd3 34.
Nd4 Rxd4 35. g3 Qe4 36. f3 Qe3 37. gxf4 Rxf4 38. Qc7 Re8 39. h4 Qxf3 40. Rh2
Qxd5 41. Qxf4 Bxc2 42. b3 Qd1+ 43. Kf2 Qxe2+ 44. Kg3 Qe1+ 45. Kh3 g6 46. Rf2
Bf5+ 47. Kg3 Qg1+ 48. Kf3 Qh1+ 49. Rg2 Be4+ 50. Qxe4 Qh3+ 0-1

[Event "2º Torneio VISA"]
[Site "http://www.queenalice.com/game.php?id=520997"]
[Date "2009.1.12"]
[Round "-"]
[White "danramone"]
[Black "Sk8"]
[Result "0-1"]
[WhiteElo "1431"]
[BlackElo "1535"]

1. Nf3 e6 2. e4 Nf6 3. Nc3 d5 4. d4 dxe4 5. Ne5 Nc6 6. Bc4 Nxd4 7. O-O Qd6 8.
Bf4 Qb4 9. a3 Qxb2 10. Qd2 Qb6 11. Rab1 Qc5 12. Na4 Qxa3 13. Nc3 Bb4 14. Qxd4
Bxc3 15. Qe3 Bb2 16. c3 Qxc3 17. Qc5 c6 18. Qd6 Ba3 19. Qc7 Nd7 20. Bg5 O-O 21.
Rbc1 Qd4 22. Rfd1 Qc5 23. Nxd7 Qxg5 24. Rb1 e3 25. Nxf8 Bxf8 26. Rd8 b5 27. Rxc8
Rxc8 28. Qxc8 exf2+ 29. Kxf2 Qf5+ 30. Ke1 Qxb1+ 31. Kd2 bxc4 32. Qxc6 Qb4+ 33.
Kc2 Qb3+ 34. Kc1 c3 35. Qf3 Qb2+ 36. Kd1 c2+ 37. Ke1 c1=Q+ 38. Qd1 Bb4+ 39. Kf1
Qxd1# 0-1

[Event "2° VISA"]
[Site "http://www.queenalice.com/game.php?id=521160"]
[Date "2009.1.12"]
[Round "-"]
[White "Sk8"]
[Black "danramone"]
[Result "1-0"]
[WhiteElo "1587"]
[BlackElo "1418"]

1. e4 Nf6 2. Nc3 e5 3. d4 Nc6 4. d5 Nd4 5. Nf3 Bc5 6. Nxe5 O-O 7. Be3 d6 8. Nd3
Bb6 9. Nf4 Qe7 10. Qd3 Ng4 11. Bxd4 Bxd4 12. Qxd4 Qe5 13. Qxe5 Nxe5 14. Nb5 Bd7
15. Nxc7 Rac8 16. Nb5 Rxc2 17. Rb1 Nc4 18. Bd3 Rd2 19. Bxc4 Rc2 20. Bd3 Rc5 21.
Nxd6 Bg4 22. O-O Ra5 23. Bc4 b5 24. Nxb5 Ra4 25. Bb3 Rxe4 26. g3 Bh3 27. Nxh3
Rb4 28. Nc3 Rb6 29. Rfd1 Rh6 30. Nf4 Rd6 31. Nb5 Rf6 32. d6 a6 33. Nc7 Rf5 34.
d7 Rd8 35. Rd6 h6 36. Nce6 Kh7 37. Nxd8 Rf6 38. Rd4 h5 39. Nxf7 g5 40. d8=Q gxf4
41. Qxf6 fxg3 42. Ng5# 1-0

[Event "2° VISA"]
[Site "http://www.queenalice.com/game.php?id=521583"]
[Date "2009.1.13"]
[Round "-"]
[White "danramone"]
[Black "Galdino_78"]
[Result "0-1"]
[WhiteElo "1417"]
[BlackElo "1343"]

1. Nf3 d5 2. d4 Nc6 3. Nc3 e6 4. e4 dxe4 5. Nxe4 Nb4 6. c3 Nd5 7. Bg5 f6 8. Be3
Nxe3 9. fxe3 f5 10. Neg5 h6 11. Nh3 Qd6 12. Ne5 Qb6 13. Nf4 Be7 14. Qa4+ c6 15.
Nfg6 Rh7 16. Nxe7 Nxe7 17. Be2 Qxb2 18. Qd1 Qxc3+ 19. Kf1 Qxe3 20. Bh5+ Kf8 21.
Bf7 h5 22. Bxh5 g6 23. Nc4 Qf4+ 24. Bf3 Nd5 25. g3 Qg5 26. Nd6 Ne3+ 27. Ke2 Nxd1
28. Raxd1 Bd7 29. Nxb7 Rb8 30. Nc5 Bc8 31. Bxc6 Rb2+ 32. Ke1 Qe3+ 33. Kf1 Ba6+
34. Nxa6 Rxa2 35. Re1 Qf2# 0-1

[Event "2º VISA"]
[Site "http://www.queenalice.com/game.php?id=525827"]
[Date "2009.1.20"]
[Round "-"]
[White "Galdino_78"]
[Black "danramone"]
[Result "0-1"]
[WhiteElo "1357"]
[BlackElo "1419"]

1. e4 Nf6 2. d3 e5 3. f3 Bb4+ 4. c3 Bc5 5. c4 Nh5 6. Nc3 O-O 7. Qb3 d6 8. Qa4
Qh4+ 9. g3 Nxg3 10. hxg3 Qxg3+ 11. Ke2 Qf2+ 12. Kd1 Qxf1+ 13. Kd2 Qg2+ 14. Nge2
Qxh1 15. Qb5 Bf2 16. b3 Nc6 17. Bb2 Qh6+ 18. Kc2 Nd4+ 19. Nxd4 Bxd4 20. Ba3 Qh2+
21. Kc1 Bxc3 22. Rb1 Qd2# 0-1

[Event "2 visa"]
[Site "http://www.queenalice.com/game.php?id=530786"]
[Date "2009.1.28"]
[Round "-"]
[White "danramone"]
[Black "reivipviana"]
[Result "1-0"]
[WhiteElo "1398"]
[BlackElo "1294"]

1. e4 Nf6 2. e5 Nd5 3. Bc4 e6 4. Nf3 Nf4 5. O-O Bc5 6. d4 Bb4 7. Bxf4 c6 8. c3
Ba5 9. Nbd2 O-O 10. Qe2 d5 11. Bb3 Nd7 12. Bg5 Qe8 13. Qd3 h6 14. Bc2 f5 15. Be3
Qg6 16. Nh4 Qg4 17. g3 g5 18. Bd1 Qh3 19. Nb3 Bd8 20. Nc5 gxh4 21. Nxe6 Re8 22.
Nf4 Qxf1+ 23. Qxf1 Kh8 24. Ng6+ Kh7 25. Nxh4 b6 26. Nxf5 Nb8 27. Nd6 Ba6 28. Qh3
Re6 29. Qxe6 Bc7 30. Qxh6+ Kg8 31. Bf4 Nd7 32. Qe6+ Kh8 33. Qxd7 Bd8 34. Bc2 Be2
35. Qh7# 1-0

[Event "desempate"]
[Site "http://www.queenalice.com/game.php?id=550124"]
[Date "2009.3.4"]
[Round "-"]
[White "Galdino_78"]
[Black "danramone"]
[Result "1-0"]
[WhiteElo "1371"]
[BlackElo "1450"]

1. e3 Nf6 2. Nf3 d5 3. d4 Nc6 4. Be2 e6 5. O-O Bd6 6. c3 O-O 7. Nbd2 e5 8. b4
Ne4 9. Qb3 Be6 10. b5 Na5 11. Qa4 b6 12. a3 Nxc3 13. Qc2 Nxe2+ 14. Kh1 Nxc1 15.
Qxc1 Nc4 16. h4 e4 17. Ng5 Bg4 18. f3 Bh5 19. fxe4 Nxd2 20. Qxd2 Bg6 21. g4 dxe4
22. Qg2 Qe8 23. h5 Be7 24. Nh3 c6 25. hxg6 fxg6 26. Qxe4 cxb5 27. d5 b4 28. axb4
Qb5 29. Qxe7 Rxf1+ 30. Rxf1 Qxf1+ 31. Kh2 Rf8 32. d6 Qf7 33. Qe5 Re8 34. Qd4 Rd8
35. Ng5 Qd7 36. Qd5+ Kf8 37. Nxh7+ Ke8 38. Qg8# 1-0

[Event "nega!"]
[Site "http://www.queenalice.com/game.php?id=550306"]
[Date "2009.3.4"]
[Round "-"]
[White "danramone"]
[Black "heberesteves"]
[Result "0-1"]
[WhiteElo "1410"]
[BlackElo "1441"]

1. e4 d5 2. Nc3 d4 3. Nd5 c6 4. Nf4 e5 5. Nd3 Bd6 6. c3 dxc3 7. dxc3 Nf6 8. Qf3
Bg4 9. Qe3 Qa5 10. Bd2 Nbd7 11. Be2 c5 12. Nf3 c4 13. Nb4 Nb6 14. b3 cxb3 15.
axb3 Qxa1+ 16. Bd1 a5 17. Nc2 Qb2 18. Qxb6 Ra6 19. Qxa6 bxa6 0-1

[Event "revanche!!!"]
[Site "http://www.queenalice.com/game.php?id=551831"]
[Date "2009.3.7"]
[Round "-"]
[White "Sk8"]
[Black "danramone"]
[Result "0-1"]
[WhiteElo "1578"]
[BlackElo "1431"]

1. e4 Nf6 2. d3 d5 3. e5 Ng8 4. d4 e6 5. Nf3 Be7 6. Bd3 Nh6 7. O-O O-O 8. Ng5
Bxg5 9. Qh5 Bxc1 10. Rxc1 Nc6 11. c3 g6 12. Qxh6 Ne7 13. Re1 Nf5 14. Qh3 Qg5 15.
g3 Qh5 0-1

[Event "mais uma!!!!"]
[Site "http://www.queenalice.com/game.php?id=551832"]
[Date "2009.3.7"]
[Round "-"]
[White "danramone"]
[Black "FC"]
[Result "1-0"]
[WhiteElo "1429"]
[BlackElo "1551"]

1. e4 e5 2. Nf3 Bd6 3. Nc3 Nf6 4. Bc4 O-O 5. d4 c5 6. dxe5 Bxe5 7. Nxe5 Qe8 8.
b3 Qxe5 9. Bb2 d6 10. Bd3 Bg4 11. Na4 Bxd1 12. Bxe5 dxe5 13. Rxd1 Nc6 14. Nxc5
b6 15. Nb7 Nb4 16. O-O Rab8 17. Nd6 Ng4 18. Nc4 Rbd8 19. Ne3 Nxe3 20. fxe3 Nxa2
21. Ra1 Nb4 22. Rxa7 Nc6 23. Rb7 Ra8 24. Rxb6 Ne7 25. Rb5 Ng6 26. Bc4 Nh4 27.
Rxe5 Ra2 28. Bd3 h6 29. Rh5 Ng6 30. Rhf5 Ne7 31. Rb5 Ng6 32. c4 Nh4 33. c5 Nxg2
34. Rf2 Rxf2 35. Kxf2 Nh4 36. c6 Rc8 37. Rc5 f6 38. Kg3 g5 39. b4 Kg7 40. b5 h5
41. e5 fxe5 42. Rxe5 Rf8 43. Rxg5+ Kh8 44. Rxh5+ Kg8 45. Rxh4 Rf7 46. Bc4 1-0

[Event "vê se não foge desse hehehehe"]
[Site "http://www.queenalice.com/game.php?id=555192"]
[Date "2009.3.13"]
[Round "-"]
[White "danramone"]
[Black "heberesteves"]
[Result "0-1"]
[WhiteElo "1453"]
[BlackElo "1514"]

1. e4 d5 2. Bd3 e5 3. Nf3 Nc6 4. O-O Nf6 5. Nc3 d4 6. Nd5 Nb4 7. Bc4 Nbxd5 8.
exd5 Nxd5 9. Nxe5 Be6 10. d3 Qd6 11. Nf3 c6 12. Nxd4 Qe5 13. Nf3 Qh5 14. d4 Bd6
15. Qe1 O-O 16. Qe4 Bf5 17. Qh4 Qg6 18. Ng5 h6 19. Nf3 Be7 20. Qg3 Bg4 21. Ne5
Qxc2 0-1

[Event "Missão Quase..."]
[Site "http://www.queenalice.com/game.php?id=564403"]
[Date "2009.3.31"]
[Round "-"]
[White "danramone"]
[Black "luizhenriq19"]
[Result "0-1"]
[WhiteElo "1439"]
[BlackElo "1965"]

1. e4 c5 2. Nc3 d6 3. Bc4 g6 4. b3 Bg7 5. Nge2 Nf6 6. O-O O-O 7. d4 cxd4 8. Nxd4
a6 9. Re1 Nc6 10. Bd5 e6 11. Nxc6 bxc6 12. Bxc6 Qc7 13. Bxa8 Qxc3 14. Bd2 Qd4
15. c3 Qa7 16. Bc6 Bd7 17. Be3 Qc7 18. Ba4 Bxa4 19. bxa4 Qxc3 20. Bd2 Qd4 21.
Qc2 Ng4 22. Be3 Nxe3 23. Rxe3 Qxa1+ 24. Re1 Qxe1# 0-1

[Event "Missão Impossível"]
[Site "http://www.queenalice.com/game.php?id=564405"]
[Date "2009.3.31"]
[Round "-"]
[White "luizhenriq19"]
[Black "danramone"]
[Result "1-0"]
[WhiteElo "1973"]
[BlackElo "1437"]

1. d4 Nc6 2. e4 Nf6 3. Nc3 h6 4. Bc4 e6 5. Nf3 a6 6. a3 b5 7. Ba2 Bd6 8. Bd2 O-O
9. O-O e5 10. dxe5 Nxe5 11. h3 Nc4 12. Bxc4 bxc4 13. e5 Bc5 14. exf6 Qxf6 15.
Rb1 Bb7 16. b4 Bd6 17. Be3 Qxc3 18. Bd4 Qxa3 19. Nd2 c3 20. Nc4 Qa2 21. Qg4 f6
22. Nxd6 cxd6 23. Qxd7 Qd5 24. Qg4 Qa2 25. Bxc3 Qxc2 26. Rbc1 Qe4 27. Rfe1 Rae8
28. Rxe4 Rxe4 29. Qd7 1-0